| 000 | 00424nam a2200157 i 4500 | ||
|---|---|---|---|
| 001 | 39749 | ||
| 003 | ES-MaACL | ||
| 005 | 20230906160055.0 | ||
| 007 | t| | ||
| 008 | 030304s1962 sp ||||1| spa d | ||
| 100 | 1 |
_aCantarero Barba, Matilde. _934628 |
|
| 245 | 1 | 0 |
_aCasi un silensio / _cMatilde Catarero Barba. |
| 260 |
_aBarcelona : _bRumbos, _c1962. |
||
| 300 |
_a65 p. ; _c21 cm. |
||
| 852 |
_aES-MaACL _jC-22719 _bR.51580 |
||
| 999 |
_c39749 _d39749 |
||